000 00507nab a2200193 4500
999 _c370737
_d370737
001 238538
003 OSt
005 20210907104226.0
007 tu
008 180201s2018|||||||
040 _aDE-2950
_cDE-2950
245 0 0 _aGertraud soll leuchten.
_bZwei Projekte /
_cIrene Staemmler und Peter Fritsch
264 _c2021
653 _aFrankfurt (Oder)
653 _aKirche St. Gertraud
653 _aBeleuchtung
773 0 _gAugust / September 01.08. - 31.09.2021, S. 6
_tGemeindebrief
942 _2z
_cA